Breu guia per estructurar la visita a l'exposició 'Municipi sense fum'
Descripción Física:
[6] p. : il. col. ; 29 cm
Materias:
Fumadors -- Exposicions
MARC
| LEADER | 00000nam a2200000Ia 4500 | ||
|---|---|---|---|
| 001 | 21127 | ||
| 008 | 160829s9999 xx 000 0 cat d | ||
| 080 | |a FU-27-15 | ||
| 245 | |a Breu guia per estructurar la visita a l'exposició 'Municipi sense fum' | ||
| 260 | |a Barcelona : |b Diputació de Barcelona. Àrea de Salut Pública i Consum, [2006] | ||
| 300 | |a [6] p. : |b il. col. ; |c 29 cm | ||
| 590 | |a Amb el suport de: Diputació de Barcelona, Ajuntament del Prat de Llobregat | ||
| 650 | |a Fumadors |x Exposicions |9 43169 | ||
| 710 | |a Barcelona (Catalunya : Província). |b Àrea de Salut Pública i Consum |9 7348 | ||
| 710 | |a Prat de Llobregat (Catalunya). |b Ajuntament |9 53104 | ||
| 901 | |a Arxiu | ||
| 942 | |n 1 | ||
| 952 | |0 0 |1 0 |4 0 |6 FU2715 |7 1 |9 51245 |a Arxiu |b Arxiu |d 2016-12-01 |l 0 |o FU-27-15 |p 21127 |r 2016-12-01 00:00:00 |w 2016-12-01 |y ARXIU | ||
| 999 | |c 55088 |d 55088 | ||